000 00705nam a2200205 a 4500
005 20140412111407.0
008 061208s19uu xx 00 eng d
020 _a0-439-37659-9
050 _aTR(GS 372.46
_bM11 2005
100 _aMcIntosh, Edgar
245 _aMultisensory strategies :
_blessons and classroom management techniques to reach and teach all learners.
260 _aU.S.A :
_bScholastic,
_c2005.
300 _a160
440 _aTeaching strategies
500 _aIncludes lessons, strategies, and mangement techniques
650 _aReading- phonetic method teaching
650 _aReading-- remedial teaching
650 _aEducation,Elementary-- activity programs
999 _c105590
_d105590